000 00775nam a2200265Ia 4500
003 OSt
005 20220928112430.0
006 a|||||r|||| 00| 0
007 ta
008 220927b |||||||| |||| 00| 0 eng d
024 _a36328
037 _cTextual
040 _aSDCL
_cSDCL
_beng
041 _2eng
_aeng
082 _aU6, L6
100 _aGriffin Paul F
_9371832
245 0 _aCulture, resource and economic activity
_b An introduction to economic geography.
250 _a2
260 _aBoston
_bAllyn and Bacon
_c1976
300 _aix,515p.
_ccm.
700 _a Ajmer Singh
_9427895
700 _a White Wayne Rodgers
_9427896
942 _hU6, L6
_cTEXL
_2CC
999 _c744615
_d744615